000 00501nam a2200181Ia 4500
008 100917s9999 xx 000 0 und d
082 _b7330
100 _aदळवी जयंत
245 _aकशासाठी पोटासाठी
260 _b---
_c1965
300 _a195
365 _b8.5
520 _aकथा
630 _aकशासाठी पोटासाठी
650 _aकथा
730 _aकशासाठी पोटासाठी
942 _cBOOK
999 _c612724
_d612721